| 000 | 00619nam a2200205 u 4500 | ||
|---|---|---|---|
| 005 | 20210223131759.0 | ||
| 008 | 120703s2000 es r 000 0 spa d | ||
| 020 | _a9788431660055 | ||
| 035 | _aUPN01000185685 | ||
| 049 | _aCG | ||
| 050 | 4 |
_aPQ8519 Q5 _bA5.2 |
|
| 100 | 1 |
_aQuiroga, Horacio, _d1878-1937 _929892 |
|
| 245 | 1 | 0 |
_aAnaconda : _by otros cuentos de la selva / _cHoracio Quiroga ; il. Angel Domínguez. |
| 260 |
_aBarcelona, Esp. : _bVicens Vives. _c2000. |
||
| 300 |
_a139 p. : _bil. col. |
||
| 440 | 0 |
_aCucaña ; _v15 |
|
| 650 | 4 |
_aLITERATURA JUVENIL URUGUAYA _912905 |
|
| 905 | _aLibro | ||
| 999 |
_c157788 _d157788 |
||